000 00222nam a2200097Ia 4500
005 20251222114355.0
008 251222s1900||||xx |||||||||||||| ||spa||
082 _aDVD0010/Z77/2002
245 0 _aHéroe:Ying Xiong
942 _cDVD
999 _c1394
_d1394